Introducing ethics / (Record no. 2940)

MARC details
000 -LEADER
fixed length control field 00565cam a2200193 4500
001 - CONTROL NUMBER
control field 3608
005 - DATE AND TIME OF LATEST TRANSACTION
control field 20181127171613.0
008 - FIXED-LENGTH DATA ELEMENTS--GENERAL INFORMATION
fixed length control field 960802s1997 nyua b 000 0 eng
010 ## - LIBRARY OF CONGRESS CONTROL NUMBER
LC control number 96061108
020 ## - INTERNATIONAL STANDARD BOOK NUMBER
International Standard Book Number 1848310087
100 1# - MAIN ENTRY--PERSONAL NAME
Personal name Robinson, Dave.
245 10 - TITLE STATEMENT
Title Introducing ethics /
Statement of responsibility, etc. Dave Robinson and Chris Garratt.
260 ## - PUBLICATION, DISTRIBUTION, ETC.
Place of publication, distribution, etc. New York, NY :
Name of publisher, distributor, etc. Totem Books,
Place of publication, distribution, etc.
Name of publisher, distributor, etc.
Date of publication, distribution, etc. 2009.
300 ## - PHYSICAL DESCRIPTION
Extent 175 p. :
Other physical details ill. ;
Dimensions 21 cm.
504 ## - BIBLIOGRAPHY, ETC. NOTE
Bibliography, etc. note Includes bibliographical references (p. 174-175).
650 #0 - SUBJECT ADDED ENTRY--TOPICAL TERM
Topical term or geographic name entry element Ethics.
700 1# - ADDED ENTRY--PERSONAL NAME
Personal name Appignanesi, Richard.
Personal name Garratt, Chris.
Holdings
Withdrawn status Lost status Source of classification or shelving scheme Damaged status Not for loan Collection code Home library Current library Shelving location Serial Enumeration / chronology Inventory number Total Checkouts Full call number Barcode Date last seen Price effective from Koha item type
    Dewey Decimal Classification     Main TEST RTC Library RTC Library Main opac 6156   170 ROB 30005594 27/11/2018 27/11/2018 Main
Royal Thimphu College || All Right Reserved